| 000 | 00775nas a2200253 4500 | ||
|---|---|---|---|
| 001 | BR7800819 | ||
| 003 | BR-BrBNA | ||
| 005 | 20231205083328.0 | ||
| 007 | ta | ||
| 008 | 230509b bl.|||p| |||| 00| 00por d | ||
| 040 |
_aBR-BrBNA _bpor _cBiblioteca Nacional de Agricultura |
||
| 041 | _a(Pt) | ||
| 072 | _aF60 | ||
| 100 | 1 | _aCarvalho, N.M. | |
| 100 | 1 | _aToledo, F.F. de | |
| 245 | 1 | _aDeterminacao do vigor em plantulas de amendoim (Arachis hypogaea L.), influencia da estrutura escolhida para o teste [Semente] | |
| 650 | _aAMENDOIM | ||
| 650 | _aTESTE DE VIGOR | ||
| 650 | _aSEMENTE | ||
| 650 | _aPLANTULA | ||
| 773 | 0 |
_tCientifica (Brazil) _xISSN 0100-0039 _g(1977), v. 5(1) p. 31-34 _wBR7800819 |
|
| 909 |
_a202311 _bLúcia _c55 _dLúcia Elande |
||
| 942 |
_2AGRIS _n0 _cANA |
||
| 999 |
_c98015 _d98015 |
||